Statistiques concernant Personnages d'anime en images - G

Cliquez ici pour prendre le quiz!

Statistiques générales

  • Ce quiz a été pris 202 fois
  • Le résultat moyen est 10 sur 18

Statistiques - réponses

Réponse% Correct
Son Goku
97%
Gaara
95%
Gon Freecs
95%
Satoru Gojo
90%
Genos
79%
Goldorak
73%
Guts
73%
Gaby Braun
64%
Grey Fullbuster
62%
Giorno Giovanna
58%
Griffith
47%
Giovanni
46%
Grimmjow
42%
Gintoki Sakata
37%
Gluttony
36%
Gowther
32%
Gigi
16%
Gina
2%

Distribution des résultats

Percentile par nombre de réponses

% des personnes avec chaque résultat

Votre développement - résultats

Vous n’avez pas pris ce quiz